Every Country With a Space Program - Statistics

General Stats
  • This quiz has been taken 46 times
  • The average score is 55 of 73
Answer Stats
Founded
Country
Launch
Capability?
Extraterrestrial
Exploration
Capability?
Human
Spaceflight
Capability?
% Correct
2003 Japan
100%
1992 Russia
100%
2010 United Kingdom
100%
1958 United States
100%
1993 China
94%
1969 Germany
94%
1962 1969 India
94%
2024 South Korea
94%
1989 South Korea
94%
1961 1991 Argentina
91%
1986 2018 Australia
91%
1994 Brazil
91%
1989 Canada
91%
1976 2014 Poland
91%
1961 France
88%
1983 Israel
88%
1988 Italy
88%
2016 New Zealand
88%
1987 Norway
88%
1977 2018 Saudi Arabia
88%
2023 Spain
88%
2006 Vietnam
88%
1964 Belgium
85%
1968 2005 Denmark
85%
2007 Kazakhstan
85%
2010 Mexico
85%
1983 Netherlands
85%
1961 Pakistan
85%
2010 South Africa
85%
2000 Thailand
85%
1992 Ukraine
85%
2001 Chile
82%
1964 Indonesia
82%
1972 Sweden
82%
1980 2013 2023 North Korea
79%
2019 Portugal
79%
1985 2018 Turkey
79%
2014 United Arab Emirates
79%
2019 Uzbekistan
79%
1971 1994 2018 Egypt
76%
2019 Greece
76%
1972 Austria
74%
1989 Morocco
74%
1998 Nigeria
74%
1991 Taiwan
74%
2002 Algeria
71%
1992 Hungary
71%
2004 Iran
71%
1998 Switzerland
71%
2014 2019 Philippines
68%
1955 to 1991 Soviet Union
68%
1987 Bulgaria
65%
2016 Ethiopia
65%
2002 Malaysia
65%
1974 Peru
65%
1991 Romania
65%
1995 Singapore
62%
2014 Syria
62%
2011 Turkmenistan
62%
1980 Bangladesh
59%
2003 Czech Republic
56%
2017 Kenya
56%
2018 Luxembourg
56%
1991 Mongolia
56%
2008 Venezuela
56%
2010 Azerbaijan
53%
2012 Ghana
53%
2007 Lithuania
53%
1988 Tunisia
50%
2021 El Salvador
32%
2014 Paraguay
32%
2021 Costa Rica
29%
2021 Rwanda
24%
No matching quizzes found
Score Distribution
Percent of People with Each Score
Percentile by Number Answered
Your Score History
You have not taken this quiz